000 00715nam a22001817a 4500
003 0
005 20250120165024.0
008 250117b xxu||||| |||| 00| 0 eng d
050 _aHF 5549.5
_b.D49 2024
100 _aDe Villa, Vergilio, Jr.
245 _aProject ISCO
_c project management plan for integration and system customization of orangehrm
_bVergilio De Villa, Jr.
260 _aLas Pinas City
_bSouthville International School and Colleges
_c2024
300 _axi,62 pages :
_billustrations ;
_c28cm.
504 _aIncludes bibliographical references and appendices.
650 _aHuman Resource Management Systems (HRMS) -- Software Customization.
650 _aProject Management.
942 _2lcc
_cTH
999 _c367014
_d367014